00871njm a2200253Ia 450000100060000000300090000600500170001500800410003204000130007304000130008610000220009910000180012110000370013924500510017625000110022726000080023826000650024630000100031130000290032150000850035050500590043551100750049465000480056924245IT-RoPAU20220918181215.0131025s9999 xx 000 0 und d aIT-RoPAU cIT-RoPAU aMusorgskij Modest eAutore musica gCodice autore musica SPICS: 3431 aScenes From Boris Godounoff With George London a1a ed. aUSA bCOLUMBIA RECORDc1960 [1a Ed.:1960 - Ed. Lingua Orig.: 1874] aDISCO c39 minuti (Testo: pag.) aMusica russa. Musica classica. Musica lirica. Dramma musicale. Cantato in russo. aDramma musicale popolare in un prologo a quattro atti. aThe Columbia Symphony Orchestra and Chorus diretti da Schippers Thomas aDRAMMA [DISCHI]eCodice MATERIA SPICS: 9950